01040nam a2200241Ia 450000100060000000300090000600800410001504000130005604000130006904100130008210000210009510000290011624500720014524500720021725000110028926000090030026000140030926000490032330000430037250003200041565000320073565000310076721850IT-RoPAU130308s9999 xx 000 0 und d aIT-RoPAU cIT-RoPAU aITALIANO aRicheri Giuseppe gCodice Aut. SPICS: 2060 aUniverso telematico (L')-Il lavoro e la cultura del prossimo domani bUniverso telematico (L')-Il Lavoro e la Cultura del prossimo Domani a1a ed. aBARI bDe Donato c1982 [1° Ed.:1982 - Ed.Ling.Originale:1982] a"132 p. (prefazione: no ; testo: 132)" aTecnologie dell'informazione e Trasformazione della Società. telematica tra Tempo di Lavoro e Tempo Libero. Alcune Sperimentazioni di telematica Domestica. Nuovi Media Processi Culturali e Vecchi Squilibri. telematica Fra Giscard e Mitterand. circolazione telematica dei Dati: Problemi nazionali e Internazionali. aSAGGI SULLA MULTIMEDIALITA' eCodice materia Spics: 4257